[Event "45th Olympiad 2024"]
[Site "Budapest HUN"]
[Date "2024.09.16"]
[Round "6.73"]
[Board "1"]
[White "Than, Min Hlaing"]
[Black "Wu, Li"]
[Result "1/2-1/2"]
[WhiteElo "2121"]
[BlackElo "2325"]
[PlyCount "86"]
[EventDate "2024.09.11"]
[WhiteTeam "Myanmar"]
[BlackTeam "Isle of Man"]
[WhiteTeamCountry "MYA"]
[BlackTeamCountry "IOM"]

1. c4 Nf6 2. Nc3 g6 3. e4 d6 4. d4 Bg7 5. Be2 O-O 6. Nf3 Bg4 7. Be3 Nfd7 8. O-O Nc6 9. d5 Bxf3 10. Bxf3 Na5 11. Be2 Bxc3 12. bxc3 e5 13. dxe6 fxe6 14. f4 ({RR} 14. Bh6 Rf7 15. f4 Qe7 16. Qd2 Re8 17. Rae1 b6 18. Qe3 Nb7 19. Qh3 Nbc5 20. Bd1 Kh8 21. Re3 Rg8 22. Bg5 Qf8 23. Bh6 Qe7 24. Bc2 e5 25. f5 gxf5 26. exf5 Nf6 27. Rg3 Rxg3 28. hxg3 Rg7 {1-0 Giri,A (2763)-Anton Guijarro,D (2703) Online Olym Div2 C rapid 2020 (9.1)}) ({RR} 14. Bh6 Rf7 15. f4 Nc6 16. Qd3 Qe7 17. Qh3 Re8 18. Bg5 Qf8 19. Bh6 Qe7 20. Bg5 Qf8 21. Bh6 {½-½ Pavlovic,M (2481)-Wu,L (2236) Hastings Masters op 80th 2004 (4)}) 14... Qe7 15. Rf3 ({RR} 15. Qc2 b6 16. Rad1 Nb7 17. Rde1 Nbc5 18. Bd4 e5 19. Be3 exf4 20. Bxf4 Qxe4 21. Qd2 Ne5 22. Bf3 Nxf3+ 23. Rxf3 Qxc4 24. Re7 Rae8 25. Bh6 Ne4 26. Qe3 d5 27. Bxf8 Rxf8 28. Qh6 Qc5+ 29. Kh1 Qxe7 {0-1 Reyes Zavaleta,F (2037)-Silva,O Titled Tue 11th Jun Late 2024 (3)}) 15... Rf7 16. Rg3 $146 ({RR} 16. Qa4 b6 17. Raf1 Raf8 18. Rg3 Kh8 19. Qc2 Nb7 20. Rg5 Nbc5 21. h4 e5 22. f5 Rg7 23. h5 gxh5 24. Rxg7 Qxg7 {½-½ Prusikin,M (2520)-Hug,W (2463) Mitropa Cup 29th 2010 (8)}) 16... Raf8 17. f5 exf5 18. exf5 Rxf5 19. Bd3 Re5 20. Bd4 Rg5 21. Re3 Ne5 22. Qe2 c5 23. Re1 Nac6 24. Bxe5 Rxe5 25. Be4 Re8 26. Bd5+ Kg7 27. Rxe5 Qxe5 28. Qxe5+ Nxe5 29. Rb1 b6 30. a4 Nd3 31. a5 bxa5 32. Rb7+ Kh6 33. g3 a6 34. Ra7 a4 35. Rxa6 Re1+ 36. Kg2 Ra1 37. Ra7 Ne5 38. h4 Ng4 39. Be6 Ra2+ 40. Kf3 Ne5+ 41. Kf4 Rf2+ 42. Ke4 Re2+ 43. Kd5 Rd2+ 1/2-1/2

[Event "45th Olympiad 2024"]
[Site "Budapest HUN"]
[Date "2024.09.16"]
[Round "6.73"]
[Board "2"]
[White "Fabri, Henrik"]
[Black "Kyaw Zay Ya"]
[Result "1-0"]
[WhiteElo "1936"]
[BlackElo "1818"]
[PlyCount "67"]
[EventDate "2024.09.11"]
[WhiteTeam "Isle of Man"]
[BlackTeam "Myanmar"]
[WhiteTeamCountry "IOM"]
[BlackTeamCountry "MYA"]

1. e4 d5 2. exd5 Qxd5 3. Nc3 Qa5 4. d4 c6 5. Nf3 Bg4 6. h3 Bh5 7. g4 Bg6 8. h4 Nf6 9. h5 Be4 10. Bd2 Bxf3 11. Qxf3 Qb6 12. g5 $146 ({RR} 12. O-O-O e6 13. g5 Nd5 14. Nxd5 cxd5 15. Bh3 Nc6 16. Bc3 Bb4 17. g6 f5 18. Rhe1 O-O-O 19. Rxe6 hxg6 20. hxg6 Bxc3 21. Qxc3 Kb8 22. Bxf5 Ka8 23. f3 Rh4 24. Bg4 Rh2 25. a3 a6 26. Qc5 Qc7 {½-½ Steiner,B (1661)-Magi,T (1790) Puspokladany Arnoth Memorial 15th 2022 (8)}) 12... Nfd7 13. Bc4 f6 14. Qe4 e5 15. dxe5 fxe5 16. Qf5 Qc5 17. Bf7+ Kd8 18. O-O-O Kc7 19. Ne4 Qb5 20. f4 exf4 21. Bxf4+ Kb6 22. Qe6 Nc5 23. Nxc5 Bxc5 24. Rh3 Ka6 25. Rb3 Qa4 26. Be3 Bf8 27. Rd4 Qa5 28. Bd2 Qxa2 29. Ra3+ Qxa3 30. bxa3 Bxa3+ 31. Kb1 Bc5 32. Ra4+ Kb6 33. Ba5+ Ka6 34. Bc7+ 1-0

[Event "45th Olympiad 2024"]
[Site "Budapest HUN"]
[Date "2024.09.16"]
[Round "6.73"]
[Board "3"]
[White "Zaw, Ye Htut"]
[Black "Gumireddy, Sanjay"]
[Result "1-0"]
[WhiteElo "1815"]
[BlackElo "1907"]
[PlyCount "61"]
[EventDate "2024.09.11"]
[WhiteTeam "Myanmar"]
[BlackTeam "Isle of Man"]
[WhiteTeamCountry "MYA"]
[BlackTeamCountry "IOM"]

1. e4 d6 2. d4 Nf6 3. Nc3 Nbd7 4. Nf3 e5 5. dxe5 dxe5 6. Bc4 Bb4 7. O-O c6 ({RR} 7... Bxc3 8. bxc3 Qe7 9. Qe2 O-O 10. a4 b6 11. Ba3 c5 12. Nd2 Rd8 13. Bd3 Nf8 14. Nc4 Ng6 15. g3 Qe6 16. Ne3 Bb7 17. f3 Ne7 18. a5 h5 19. Rfb1 h4 20. Nc4 hxg3 21. hxg3 Nh5 22. Qh2 {½-½ Rozentalis,E (2570)-Belkhodja,S (2440) Kilkenny Norkom op 2000 (3)}) 8. a3 Bxc3 9. bxc3 O-O 10. Re1 $146 ({RR} 10. Qe2 Qa5 11. Rb1 Nb6 12. Bd3 Bg4 13. c4 Qc5 14. Bd2 Qe7 15. h3 Bxf3 16. Qxf3 Nfd7 17. Bb4 Nc5 18. Qe3 Nbd7 19. Rfd1 a5 20. Bc3 Rfd8 21. Be2 Nf8 22. Kf1 Rxd1+ 23. Rxd1 Na4 24. Ba1 Nd7 {0-1 Yonal,T (2074)-Williams,S (2467) Titled Tue 16th Apr Early 2024 (4)}) ({RR} 10. Qe2 b5 11. Ba2 Qc7 12. Nh4 Nc5 13. f3 Qe7 14. Be3 Na4 15. Qf2 Re8 16. c4 a6 17. Bb3 Nh5 18. g3 Rd8 19. Rfe1 Be6 20. Nf5 Qf6 21. g4 Nf4 22. Bxf4 Bxf5 23. g5 Qd6 24. Be3 Be6 {½-½ Coupet,P (2275)-Dragomirescu,A Parthenay op 1992 (7)}) ({RR} 10. Qe2 b5 11. Bb3 Qc7 12. Bg5 h6 13. Bh4 a5 14. c4 Ba6 15. Rfd1 b4 16. axb4 axb4 17. h3 c5 18. Nh2 Bb7 19. Rxa8 Rxa8 20. f3 Nh5 21. Ng4 Bc6 22. Ne3 Nf4 23. Qd2 g6 24. Kh2 Kg7 {0-1 Vulevic,V (2299)-Schmidt Schaeffer,S (2356) Basel Hilton op 15th 2013 (6)}) 10... Qa5 11. Ba2 b6 12. Bg5 Bb7 13. Bxf6 Nxf6 14. Qd6 Qxc3 15. Nxe5 Rae8 16. Nxf7 Rxf7 17. Qc7 Nd5 18. Bxd5 Qxe1+ 19. Rxe1 cxd5 20. Qc3 dxe4 21. f3 Rc8 22. Qb3 exf3 23. gxf3 Kf8 24. Qb4+ Rc5 25. Re5 Rfc7 26. Rxc5 Rxc5 27. Qf4+ Ke7 28. Qb8 Bxf3 29. Qxa7+ Kf6 30. Qxb6+ Rc6 31. Qf2 1-0

[Event "45th Olympiad 2024"]
[Site "Budapest HUN"]
[Date "2024.09.16"]
[Round "6.73"]
[Board "4"]
[White "Miah, Zahed"]
[Black "Linn Phone Myat"]
[Result "0-1"]
[WhiteElo "1895"]
[BlackElo "1763"]
[PlyCount "52"]
[EventDate "2024.09.11"]
[WhiteTeam "Isle of Man"]
[BlackTeam "Myanmar"]
[WhiteTeamCountry "IOM"]
[BlackTeamCountry "MYA"]

1. d4 Nf6 2. c4 e6 3. Nf3 Bb4+ 4. Nbd2 b6 5. a3 Bxd2+ 6. Bxd2 Ne4 7. e3 Bb7 8. Bd3 d6 9. Qc2 f5 10. b4 Nd7 11. O-O O-O 12. Ne1 $146 ({RR} 12. Rab1 Rf6 13. Ne1 Rh6 14. f3 Qh4 15. h3 Ng5 16. e4 f4 17. Rf2 e5 18. c5 dxc5 19. dxc5 bxc5 20. bxc5 Bc6 21. Bc4+ Kh8 22. Bd5 Bxd5 23. exd5 Nf6 24. d6 cxd6 25. cxd6 Rg6 26. Kf1 Nh5 {0-1 Maugg,L (1949)-Schnelzer,R (2220) Regionalliga SW 0506 2005 (1.1)}) 12... Qh4 13. f3 Ng5 14. Bc3 Rf6 15. g3 Qh5 16. Qg2 Raf8 17. Ra2 Rh6 18. e4 fxe4 19. fxe4 Rxf1+ 20. Kxf1 Nf6 21. d5 Ng4 22. Kg1 e5 23. h4 Nf7 24. Nf3 Rf6 25. Re2 Ngh6 26. Bd2 Qxf3 0-1

[Event "45th Olympiad 2024"]
[Site "Budapest HUN"]
[Date "2024.09.16"]
[Round "6.74"]
[Board "1"]
[White "Alrehaili, Ahmed Abdullah S"]
[Black "Tchouka, Yakini"]
[Result "1-0"]
[WhiteElo "2117"]
[BlackElo "1932"]
[PlyCount "64"]
[EventDate "2024.09.11"]
[WhiteTeam "Saudi Arabia"]
[BlackTeam "Togo"]
[WhiteTeamCountry "SAU"]
[BlackTeamCountry "TOG"]

1. e4 c5 2. Nf3 d6 3. c3 Nf6 4. h3 Nc6 5. Bd3 g6 6. O-O Bg7 7. Bc2 O-O 8. d4 cxd4 9. cxd4 d5 10. e5 Ne4 11. Re1 f6 12. exf6 Nxf6 ({RR} 12... Bxf6 13. Bb3 Kh8 14. Nc3 Nxc3 15. bxc3 Bf5 16. Bh6 Rf7 17. Ng5 Bxg5 18. Bxg5 Qd6 19. Qd2 Raf8 20. Bh6 Rd8 21. Re3 Na5 22. Rae1 Nxb3 23. axb3 Rc8 24. Rf3 Qd7 25. Qe3 e6 26. Qe5+ Kg8 27. Ree3 {0-1 Saravana,K (2260)-Aakash,G (2314) Titled Tue 13th Aug Early 2024 (9)}) 13. Nc3 Kh8 14. Bg5 e6 $146 ({RR} 14... Bf5 15. Bxf5 gxf5 16. Qb3 Ne4 17. Rad1 Nxg5 18. Nxg5 Nxd4 19. Qxb7 Rb8 20. Qxe7 Qxe7 21. Rxe7 Nc6 22. Rxg7 Kxg7 23. Ne6+ Kf7 24. Nxf8 Kxf8 25. Rxd5 Rxb2 26. Rxf5+ Kg7 27. Rc5 Rb6 28. Kh2 Kf7 29. f4 {1-0 Haessler,C (2164)-Seitzer,P (2069) Oregon-ch Portland 2015 (9)}) 15. Qd2 Qb6 16. Ba4 Ng8 17. Bxc6 bxc6 18. Na4 Qc7 19. Ne5 Nf6 20. Qf4 Kg8 21. Qh4 Ne4 22. Bh6 c5 23. Bxg7 Kxg7 24. Nxc5 Nxc5 25. Rac1 Qa5 26. Qe7+ Kg8 27. Ng4 Nd7 28. Rxe6 Qd2 29. Rc7 Qf4 30. Rf6 Rxf6 31. Rxd7 Qc1+ 32. Kh2 Qf4+ 1-0

[Event "45th Olympiad 2024"]
[Site "Budapest HUN"]
[Date "2024.09.16"]
[Round "6.74"]
[Board "2"]
[White "Amewounou, Komlan Kouessan"]
[Black "Alshnaiber, Yazeed"]
[Result "1/2-1/2"]
[WhiteElo "1825"]
[BlackElo "1889"]
[PlyCount "142"]
[EventDate "2024.09.11"]
[WhiteTeam "Togo"]
[BlackTeam "Saudi Arabia"]
[WhiteTeamCountry "TOG"]
[BlackTeamCountry "SAU"]

1. e4 e5 2. Nf3 Nc6 3. Nc3 Nf6 4. Bb5 Nd4 5. Bc4 Bc5 6. d3 d6 7. h3 h6 ({RR} 7... c6 8. Nxd4 Bxd4 9. Qf3 h6 10. Ne2 Bb6 11. Ng3 O-O 12. O-O Be6 13. a4 d5 14. Ba2 a5 15. Re1 Re8 16. Nf5 Bxf5 17. Qxf5 g6 18. Qf3 Kg7 19. Re2 dxe4 20. dxe4 Qe7 21. Bd2 Red8 22. g3 {½-½ Artemiev,V (2699)-Giri,A (2777) Meltwater Tour Final rapid 2021 (9.1)}) 8. a3 ({RR} 8. Nxd4 Bxd4 9. Qf3 c6 10. Ne2 Bb6 11. Ng3 Be6 12. Bb3 Qd7 13. Be3 Bxe3 14. fxe3 O-O 15. O-O a5 16. c3 a4 17. Bc2 d5 18. Nf5 dxe4 19. dxe4 Bxf5 20. exf5 Rfe8 21. Rad1 Qc7 22. e4 Qb6+ {1-0 Sahakyan,A (2287)-Flynn,J (2156) Titled Tue 25th Jun Late 2024 (3)}) 8... a5 $146 ({RR} 8... a6 9. Ba2 Be6 10. Be3 Qd7 11. Bxd4 Bxd4 12. Nxd4 exd4 13. Ne2 c5 14. O-O O-O-O 15. b4 Kb8 16. Qd2 Ka8 17. Rfb1 g5 18. bxc5 dxc5 19. Qa5 Rc8 20. Rb6 Rc6 21. Bxe6 fxe6 22. Rab1 Qc7 23. R6b5 {1-0 Starozhilov,L (2278)-Parpiev,I (2123) Titled Tue 3rd Oct Early 2023 (7)}) ({RR} 8... c6 9. O-O b5 10. Ba2 a5 11. Nxd4 Bxd4 12. Ne2 Bb6 13. Kh2 Be6 14. Bxe6 fxe6 15. f4 exf4 16. Nxf4 e5 17. Ng6 Rg8 18. Bd2 Qd7 19. a4 b4 20. Qf3 O-O-O 21. Bxh6 Nxe4 22. dxe4 gxh6 23. Nh4 {0-1 Osinovsky,S (2241)-Aloma Vidal,R (2437) Titled Tue 27th Jun Early 2023 (3)}) 9. Nxd4 Bxd4 10. Ne2 Bb6 11. O-O O-O 12. Be3 c6 13. Qd2 d5 14. exd5 cxd5 15. Bxb6 Qxb6 16. Ba2 Bf5 17. Ng3 Bg6 18. b4 Rfd8 19. Kh2 axb4 20. axb4 Ra4 21. Bb3 Rxb4 22. f4 exf4 23. Rxf4 Rxf4 24. Qxf4 Bxd3 25. cxd3 Qxb3 26. Nf5 Qb2 27. Rf1 Re8 28. Nxh6+ gxh6 29. Qxf6 Qxf6 30. Rxf6 Kg7 31. Rd6 Re5 32. d4 Rf5 33. g4 Rf2+ 34. Kg3 Rb2 35. Rxd5 b5 36. Kf4 b4 37. Rb5 Rb1 38. Ke5 b3 39. Kd6 b2 40. d5 Kf6 41. h4 Kg6 42. Rb6 Kg7 43. h5 Kf6 44. Kd7+ Kg5 45. d6 Kxg4 46. Rb5 Kh4 47. Kd8 Rd1 48. Rxb2 Rxd6+ 49. Ke7 Rd5 50. Kxf7 Kxh5 51. Rh2+ Kg5 52. Rg2+ Kf4 53. Rb2 h5 54. Kg6 h4 55. Rb4+ Kg3 56. Rb3+ Kg2 57. Rb2+ Kg1 58. Rb1+ Kf2 59. Rb2+ Kf3 60. Rb3+ Kg4 61. Rb4+ Kh3 62. Rb3+ Kh2 63. Rb2+ Kh1 64. Rb1+ Kg2 65. Rb2+ Kf3 66. Rb3+ Kf2 67. Rb2+ Ke3 68. Rh2 Rd4 69. Kg5 Kf3 70. Rxh4 Rd5+ 71. Kf6 Kg3 1/2-1/2

[Event "45th Olympiad 2024"]
[Site "Budapest HUN"]
[Date "2024.09.16"]
[Round "6.74"]
[Board "3"]
[White "Al Abdali, Zeyad Saleh"]
[Black "Semeko, Lumen Paco"]
[Result "1-0"]
[WhiteElo "1780"]
[BlackElo "1740"]
[PlyCount "81"]
[EventDate "2024.09.11"]
[WhiteTeam "Saudi Arabia"]
[BlackTeam "Togo"]
[WhiteTeamCountry "SAU"]
[BlackTeamCountry "TOG"]

1. d4 Nf6 2. c4 d5 3. cxd5 Nxd5 4. e4 Nf6 5. e5 Nd5 6. Bd3 ({RR} 6. Nf3 e6 7. Bg5 Be7 8. Bxe7 Qxe7 9. Nc3 O-O 10. Bd3 Rd8 11. O-O Nd7 12. Rc1 Nf8 13. Qb3 b6 14. Nxd5 exd5 15. Qc2 Bg4 16. Ne1 c5 17. h3 Bh5 18. f4 c4 19. Be2 Bxe2 20. Qxe2 f5 {0-1 Tregubov,P (2525)-Skatchkov,P (2370) RUS-Cup8 Smolensk 1997 (1)}) ({RR} 6. Nf3 c6 7. Bd3 Bg4 8. Nc3 e6 9. a3 a6 10. Be3 f5 11. exf6 Nxf6 12. Ne4 Be7 13. h3 Bxf3 14. Qxf3 O-O 15. Nxf6+ Rxf6 16. Qe4 Rg6 17. h4 Qd5 18. Qxd5 exd5 19. Bxg6 hxg6 20. Bg5 Bf6 {1-0 Besso,J (1897)-Gualpa,C (1784) Buenos Aires Masters 2024 (8.51)}) 6... e6 7. Nc3 c5 8. dxc5 $146 ({RR} 8. Nf3 Nc6 9. O-O cxd4 10. Nb5 Bc5 11. a3 a5 12. Bg5 Qd7 13. Rc1 b6 14. Qe2 f5 15. Nd6+ Bxd6 16. Rxc6 Be7 17. Bb5 O-O 18. Rxb6 Qa7 19. Bxe7 Qxb6 20. Bxf8 Kxf8 21. Rc1 Nf4 22. Qc4 Bb7 {1-0 Haba,Z (2222)-Zvara,D (2047) Kouty nad Desnou op-A 2012 (3)}) ({RR} 8. Nf3 Nc6 9. O-O cxd4 10. Nxd5 Qxd5 11. Qe2 Be7 12. Bf4 O-O 13. Rad1 f5 14. a3 g5 15. Nxg5 Bxg5 16. Bxg5 Qxe5 17. Qh5 Kh8 18. f4 Qg7 19. Be2 Bd7 20. Bh6 Qf6 21. Bxf8 Rxf8 22. Qf3 Rd8 {1-0 Narayanan,S (2437)-Sarip,R (2222) Quezon City op 2014 (1)}) 8... Bxc5 9. Nf3 Nxc3 10. bxc3 Nc6 11. O-O Qc7 12. Qe2 Bd7 13. Rb1 h6 14. Rb5 Ne7 15. Rb1 Bc6 16. Nd4 Bxd4 17. cxd4 Nd5 18. Qc2 O-O 19. Bd2 Rac8 20. f4 Qd7 21. Qb2 f5 22. exf6 Nxf6 23. f5 Ne4 24. fxe6 Qxe6 25. Bf4 Qg4 26. Be5 Bd5 27. Rbe1 Ng5 28. Bg3 Rcd8 29. Be2 Rxf1+ 30. Rxf1 Qe4 31. Bh5 Nh3+ 32. Kh1 Nf2+ 33. Qxf2 Rc8 34. Bf7+ Kh7 35. Bxd5 Qxd5 36. h3 Kh8 37. Be5 Rg8 38. Qf5 Qc4 39. a3 a5 40. Rf3 b5 41. Qg6 1-0

[Event "45th Olympiad 2024"]
[Site "Budapest HUN"]
[Date "2024.09.16"]
[Round "6.74"]
[Board "4"]
[White "Fumey, Enyonam Sewa"]
[Black "Khayat, Emad"]
[Result "1-0"]
[WhiteElo "1845"]
[BlackElo "1907"]
[PlyCount "49"]
[EventDate "2024.09.11"]
[WhiteTeam "Togo"]
[BlackTeam "Saudi Arabia"]
[WhiteTeamCountry "TOG"]
[BlackTeamCountry "SAU"]

1. e4 e5 2. f4 d5 3. exd5 exf4 4. Nf3 Nf6 5. Nc3 Nxd5 6. Nxd5 Qxd5 7. d4 Bd6 8. Be2 O-O 9. O-O c5 10. c4 Qf5 ({RR} 10... Qc6 11. d5 Qc7 12. Qc2 Nd7 13. Ng5 Nf6 14. Bd3 h6 15. Nh7 Nxh7 16. Bxh7+ Kh8 17. Bd3 Be5 18. Kh1 Bg4 19. Bf5 Bh5 20. Bd2 Qd6 21. Rae1 Rae8 22. Qe4 g6 23. Bh3 g5 24. Bf5 Kg7 25. b3 {0-1 Bogner,S (2571)-Le,Q (2709) Titled Tuesday intern op 21st April blitz 2020 (7)}) 11. Bd3 $146 ({RR} 11. Kh1 Nc6 12. Bd3 Qh5 13. dxc5 Qxc5 14. a3 a5 15. Qc2 h6 16. Bd2 Be6 17. b3 Rad8 18. Bc3 Rfe8 19. Qb2 Bf8 20. Be2 Bg4 21. h3 Qh5 22. Rae1 Re3 23. Bd2 Re4 24. Qc2 Rde8 25. Bd3 Bxf3 {0-1 Van Vooren,K (1677)-Krukowski,M (1932) Geraardsbergen op 2003 (7)}) 11... Qf6 12. Qc2 h6 13. d5 Bg4 14. Nd2 g5 15. Ne4 Qe7 16. Bd2 Nd7 17. Rae1 Ne5 18. Nxd6 Qxd6 19. Rxe5 Rae8 20. Bh7+ Kg7 21. Rfe1 Rxe5 22. Rxe5 f6 23. Qg6+ Kh8 24. Bc3 Qc7 25. Re8 1-0

[Event "45th Olympiad 2024"]
[Site "Budapest HUN"]
[Date "2024.09.16"]
[Round "6.75"]
[Board "1"]
[White "Ebosse Kingue Victor Patrick"]
[Black "Stratonowitsch, Andre"]
[Result "1/2-1/2"]
[WhiteElo "2014"]
[BlackElo "2154"]
[PlyCount "91"]
[EventDate "2024.09.11"]
[WhiteTeam "Cameroon"]
[BlackTeam "Seychelles"]
[WhiteTeamCountry "CAM"]
[BlackTeamCountry "SEY"]

1. d4 Nf6 2. Nf3 e6 3. e3 c5 4. Bd3 Be7 5. Nbd2 O-O 6. b3 b6 7. Bb2 Bb7 8. Qe2 Nc6 9. a3 Rc8 10. O-O Re8 11. Rfe1 $146 ({RR} 11. Rad1 Bf8 12. dxc5 bxc5 13. Ng5 e5 14. c4 Nd4 15. Qe1 {½-½ Jussupow,A (2565)-Farago,I (2505) EU-chT 08th Final 1983 (7.7)}) ({RR} 11. Rad1 Bf8 12. dxc5 bxc5 13. Ng5 e5 14. c4 Nd4 15. Qe1 Qb6 16. f4 e4 {½-½ Smyslov,V (2595)-Ribli,Z (2595) Candidates sf Smyslov-Ribli +3-1=7 1983 (3)}) ({RR} 11. Rad1 cxd4 12. exd4 Bf8 13. Rfe1 d6 14. Nf1 g6 15. Ne3 Bg7 16. h3 Nh5 17. g3 Qc7 18. h4 Qb8 19. Ng5 Nf6 20. Ng4 h6 21. Nxf6+ Bxf6 22. Nxf7 Kxf7 23. Qg4 Ne7 24. Rxe6 Bd5 25. Rxf6+ Kxf6 {1-0 Kavutskiy,K (2412)-Wang,E (2202) World op 47th 2019 (4)}) ({RR} 11. Rfd1 Qc7 12. Rac1 Qb8 13. dxc5 bxc5 14. c4 a5 15. Bb1 d6 16. Ng5 g6 17. f4 d5 18. Qf3 d4 19. Qh3 h5 20. Qg3 Ng4 21. Nxf7 Kxf7 22. h3 Bf6 23. Ne4 Nxe3 24. Nxf6 Ne7 25. Nd7 Qc7 {1-0 Jussupow,A (2565)-Hulak,K (2515) Jakarta International 1983 (11)}) 11... d6 12. Rad1 Qc7 13. Ng5 h6 14. Nge4 d5 15. Ng3 e5 16. dxc5 Bxc5 17. b4 Bf8 18. c4 d4 19. Nde4 Nxe4 20. Nxe4 dxe3 21. fxe3 Re6 22. Rf1 Ne7 23. Ng3 Rd8 24. Bc2 Rxd1 25. Rxd1 Ng6 26. Qg4 Be7 27. Bxg6 Rxg6 28. Qd7 Qc6 29. Qxc6 Bxc6 30. Bxe5 Bg5 31. Kf2 Re6 32. Bf4 Bh4 33. Rd6 Rxd6 34. Bxd6 a6 35. Bc7 b5 36. c5 Kf8 37. Be5 g6 38. Kf1 Bxg3 39. Bxg3 Ke7 40. Bf4 h5 41. g3 Ke6 42. Ke2 Be4 43. Kd2 Kd5 44. Kc3 Bf5 45. h4 Be4 46. Bd6 1/2-1/2

[Event "45th Olympiad 2024"]
[Site "Budapest HUN"]
[Date "2024.09.16"]
[Round "6.75"]
[Board "2"]
[White "Meier, Peter"]
[Black "Zebaze Dongmo Loic Dylane"]
[Result "1/2-1/2"]
[WhiteElo "2062"]
[BlackElo "1914"]
[PlyCount "150"]
[EventDate "2024.09.11"]
[WhiteTeam "Seychelles"]
[BlackTeam "Cameroon"]
[WhiteTeamCountry "SEY"]
[BlackTeamCountry "CAM"]

1. d4 Nf6 2. Nf3 d5 3. c4 e6 4. g3 a6 5. Bg2 dxc4 6. O-O Bd6 ({RR} 6... Ra7 7. a4 b6 8. Nbd2 Bb7 9. Nxc4 Be7 10. Bf4 O-O 11. Rc1 Nbd7 12. Nce5 c5 13. Nxd7 Nxd7 14. dxc5 bxc5 15. Qc2 Qa8 16. Rfd1 Be4 17. Qd2 Nb6 18. b3 Rd8 19. Qe1 Bd5 20. a5 Nd7 21. Qc3 {1-0 Cheparinov,I (2709)-Adly,A (2626) Wch Blitz St Petersburg 2018 (16)}) ({RR} 6... Be7 7. Ne5 O-O 8. Nc3 Ra7 9. Nxc4 b5 10. Ne5 Bb7 11. Bf4 Bxg2 12. Kxg2 Nbd7 13. Rc1 Qa8+ 14. Kg1 Rd8 15. Qc2 Nxe5 16. dxe5 Nd7 17. Ne4 c5 18. Rfd1 Rc7 19. h4 h6 20. h5 Qc6 21. Rd2 {½-½ Townsend,M (2165)-Henderson,D (2083) BCF-chT 2122 (4NCL) 2021 (11.84)}) 7. Qc2 $146 ({RR} 7. e3 O-O 8. Qe2 b5 9. Bd2 Bb7 10. Rc1 Nbd7 11. b3 Nb6 12. Ba5 Bd5 13. Nc3 Rc8 14. e4 b4 15. Nxd5 exd5 16. e5 Re8 17. Qd1 Ne4 18. exd6 Qxd6 19. Ne5 c3 20. Bxe4 dxe4 21. Bxb6 cxb6 {1-0 Spyratos,N (1697)-Gkavardinas,A (1400) GRE-ch Online Blitz op 1st 2021 (11)}) 7... O-O 8. Nbd2 b5 9. e4 Be7 10. Ng5 g6 11. e5 Nd5 12. Nde4 Nc6 13. Nf3 Bb7 14. Bh6 Re8 15. Rad1 Nb8 16. a3 Nd7 17. Bg5 N5b6 18. h4 Kg7 19. Nh2 Nd5 20. Ng4 h5 21. Ngf6 Rh8 22. Nxd7 Qxd7 23. Bf6+ Bxf6 24. exf6+ Kf8 25. Qd2 Rd8 26. Rfe1 Qc8 27. Nc5 Bc6 28. Qg5 Be8 29. Bh3 Rd6 30. Re5 c6 31. Rde1 Nc7 32. R1e4 Rd5 33. Bg2 Qd8 34. Qf4 Rd6 35. Nb7 Qd7 36. Nxd6 Qxd6 37. g4 Nd5 38. Qg5 Bd7 39. Bf3 Rg8 40. Qh6+ Ke8 41. Qg5 Kf8 42. Kh1 hxg4 43. Bxg4 c3 44. bxc3 Nxc3 45. Qh6+ Ke8 46. Qh7 Qf8 47. Bxe6 Nxe4 48. Bxf7+ Kd8 49. Qxg8 Qxg8 50. Bxg8 Nxf6 51. Bf7 Bf5 52. Re1 Kd7 53. Rg1 Ng4 54. f3 Nf2+ 55. Kh2 Nh3 56. Re1 Nf4 57. Kg3 Nh5+ 58. Kf2 Nf4 59. Rh1 Ke7 60. Bb3 a5 61. a4 Kd6 62. Ra1 b4 63. Rh1 Nd5 64. h5 gxh5 65. Bxd5 Kxd5 66. Rxh5 Ke6 67. Rh8 Kd5 68. Ke3 b3 69. Rb8 Kc4 70. Kf4 Bd3 71. Ke5 Kc3 72. Kd6 b2 73. Kxc6 b1=Q 74. Rxb1 Bxb1 75. Kb5 Kxd4 1/2-1/2

[Event "45th Olympiad 2024"]
[Site "Budapest HUN"]
[Date "2024.09.16"]
[Round "6.75"]
[Board "3"]
[White "Amba Oyon Marius Claude"]
[Black "Pillay, Ragul"]
[Result "1-0"]
[WhiteElo "1975"]
[BlackElo "1633"]
[PlyCount "75"]
[EventDate "2024.09.11"]
[WhiteTeam "Cameroon"]
[BlackTeam "Seychelles"]
[WhiteTeamCountry "CAM"]
[BlackTeamCountry "SEY"]

1. e4 c5 2. Nf3 d6 3. d4 cxd4 4. Nxd4 g6 5. Nc3 Bg7 6. Be3 Nf6 7. Be2 O-O 8. O-O Nc6 9. Kh1 Bd7 10. f4 Nxd4 11. Bxd4 Bc6 12. Bf3 Qd7 ({RR} 12... Nd7 13. Bxg7 Kxg7 14. Qd2 Qb6 15. b3 a5 16. Rae1 Rad8 17. Nd5 Bxd5 18. exd5 Rfe8 19. Re2 Rc8 20. c4 Qb4 21. Qb2+ Kg8 22. Bg4 f5 23. Bf3 b5 24. g4 bxc4 25. gxf5 cxb3 26. fxg6 Nf6 27. Rxe7 {1-0 Benjamin,J (2545)-Piket,J (2500) Hoogovens Wijk aan Zee 1989 (9)}) ({RR} 12... b5 13. Qd3 b4 14. Nd5 Nxd5 15. exd5 Bxd4 16. Qxd4 Bb5 17. Rfe1 a5 18. a3 bxa3 19. Rxa3 Qc7 20. Be4 Rfc8 21. f5 Qc5 22. Qd2 Qb4 23. Qc1 Ba4 24. Rae3 Qd4 25. c3 Qf6 26. fxg6 hxg6 27. Rf3 {½-½ Sahin,O (2190)-Ulasevich,S (2213) 3rd Sat Djenovici IM V 2023 (7.5)}) 13. g4 $146 ({RR} 13. Qe1 Rfc8 14. Rd1 Qe6 15. Nd5 Bxd5 16. exd5 Qxe1 17. Rfxe1 Kf8 18. Re2 Ng8 19. b3 Bxd4 20. Rxd4 Rc3 21. Rc4 Rxc4 22. bxc4 Rc8 23. Re4 Rc5 24. c3 Nf6 25. Rd4 Nd7 26. Be2 Nb6 27. Re4 Ra5 {0-1 Cadillon,J-Santos,L (2385) POR-chT Portugal 1993 (6)}) ({RR} 13. a4 Ne8 14. Bxg7 Nxg7 15. b4 b6 16. Qd2 Rac8 17. b5 Bb7 18. e5 Rfd8 19. exd6 Bxf3 20. Rxf3 Qxd6 21. Rd3 Qb8 22. Nd5 Kf8 23. Re1 Rd7 24. g3 Qb7 25. Kg1 Rcd8 26. Nb4 Rxd3 27. cxd3 Nf5 {1-0 Pekar,F-Nejedly,J Decin op-B 1995 (5)}) ({RR} 13. e5 dxe5 14. Bxe5 Rfd8 15. Bxc6 Qxc6 16. Qe2 e6 17. Rad1 a6 18. Rd3 Rd7 19. Rxd7 Nxd7 20. Rd1 Bxe5 21. fxe5 Qc7 22. Rd6 Rd8 23. Qd2 Kf8 24. Ne4 Ke8 25. Rxd7 Rxd7 26. Nf6+ Ke7 27. Qb4+ Rd6 {1-0 Kasapchuk,A-Ilina,N UKR-ch U12 Girls 2010 (9)}) 13... Rfe8 14. g5 Nh5 15. Bg4 e6 16. Bxh5 Bxd4 17. Qxd4 gxh5 18. Rad1 e5 19. Qe3 Qg4 20. f5 Kh8 21. Rd2 h4 22. Rg2 Qh5 23. g6 Rg8 24. g7+ Rxg7 25. Rxg7 Kxg7 26. f6+ Kh8 27. Qf3 Qxf3+ 28. Rxf3 Rg8 29. Rd3 Rd8 30. Kg2 h6 31. Kh3 Kh7 32. Kxh4 Kg6 33. Rf3 d5 34. exd5 e4 35. Rg3+ Kxf6 36. dxc6 bxc6 37. Re3 Rd2 38. Nxe4+ 1-0

[Event "45th Olympiad 2024"]
[Site "Budapest HUN"]
[Date "2024.09.16"]
[Round "6.75"]
[Board "4"]
[White "Pillay, Harish"]
[Black "Makem Pierre"]
[Result "0-1"]
[WhiteElo "1561"]
[BlackElo "1860"]
[PlyCount "46"]
[EventDate "2024.09.11"]
[WhiteTeam "Seychelles"]
[BlackTeam "Cameroon"]
[WhiteTeamCountry "SEY"]
[BlackTeamCountry "CAM"]

1. e4 e6 2. Nf3 b6 3. d4 Bb7 4. Bd3 c5 5. c3 Nf6 6. Bg5 Be7 7. e5 Nd5 8. Bxe7 Qxe7 9. O-O Nf4 10. Bc2 $146 ({RR} 10. Re1 O-O 11. Bf1 f6 12. dxc5 fxe5 13. Rxe5 Nc6 14. Re1 bxc5 15. Na3 Na5 16. Re3 Rad8 17. g3 Nd5 18. Re1 Nxc3 19. bxc3 Bxf3 20. Qa4 Nc6 21. Rad1 Bxd1 {0-1 Dubois,P (2170)-Dourerassou,J (2580) Le Port Marly Paribas blitz op 2013 (8)}) 10... g5 11. h3 h5 12. Nh2 Bxg2 13. Re1 Nc6 14. Be4 Bxe4 15. Rxe4 Nxh3+ 16. Kg2 g4 17. d5 exd5 18. Qxd5 Qh4 19. Qd2 Ng5 20. Re3 O-O-O 21. Na3 Nxe5 22. Qd6 Ngf3 23. Nb5 Qh3+ 0-1